Инновационный потенциал хозяйственной системы и его оценка (методы формирования и оценки): учебное пособие

Opis bibliograficzny
1. autor: Дежкина И. П. Ирина Павловна
Kolejni autorzy: Поташева Г. А. Галина Анатольевна
Streszczenie:Данное учебное пособие посвяшено вопросам исследования и оценки инновационного потенциала хозяйственной системы. Изложены методики формирования и оценки инновационного потенциала хозяйственной системы. На основе предложенных методик предоставляется возможность оценить инновационный потенциал хозяйственной системы. Учебное пособие подготовлено по дисциплине «Инновационный потенциал хозяйственной системы и его оценка» для студентов по направлению «Менеджмент».
Język:rosyjski
Wydane: Москва, Инфра-М, 2014
Seria:Высшее образование. Бакалавриат
Hasła przedmiotowe:
Format: MixedMaterials Książka
KOHA link:https://koha.lib.tpu.ru/cgi-bin/koha/opac-detail.pl?biblionumber=241740

MARC

LEADER 00000nam0a2200000 4500
001 241740
005 20231101231835.0
010 |a 9785160043722 
035 |a (RuTPU)RU\TPU\book\263027 
090 |a 241740 
100 |a 20130819d2014 m y0rusy50 ca 
101 0 |a rus 
102 |a RU 
105 |a a j 001zy 
200 1 |a Инновационный потенциал хозяйственной системы и его оценка (методы формирования и оценки)  |e учебное пособие  |f И. П. Дежкина, Г. А. Поташева 
210 |a Москва  |c Инфра-М  |d 2014 
215 |a 121 с.  |c ил. 
225 1 |a Высшее образование. Бакалавриат 
320 |a Библиогр.: с. 119-120. 
330 |a Данное учебное пособие посвяшено вопросам исследования и оценки инновационного потенциала хозяйственной системы. Изложены методики формирования и оценки инновационного потенциала хозяйственной системы. На основе предложенных методик предоставляется возможность оценить инновационный потенциал хозяйственной системы. Учебное пособие подготовлено по дисциплине «Инновационный потенциал хозяйственной системы и его оценка» для студентов по направлению «Менеджмент». 
606 1 |a Инновационная экономика  |2 stltpush  |3 (RuTPU)RU\TPU\subj\67863  |9 83511 
610 1 |a хозяйственная система 
610 1 |a оценка 
610 1 |a методы 
610 1 |a инновации 
610 1 |a инновационная деятельность 
610 1 |a инновационный потенциал 
610 1 |a показатели 
610 1 |a учебные пособия 
686 |a У9(2)0-551я73  |v LBC/SL-A  |2 rubbk 
700 1 |a Дежкина  |b И. П.  |g Ирина Павловна 
701 1 |a Поташева  |b Г. А.  |g Галина Анатольевна 
801 1 |a RU  |b 63413507  |c 20130819 
801 2 |a RU  |b 63413507  |c 20150624  |g RCR 
900 |a Управление инновационной деятельностью 
900 |a Управление инновационными процессами 
942 |c BK 
955 |l 8 
959 |a 109/20130819  |d 2  |e 149,90  |f ЧЗГЛ:1  |f АНЛ:1